Načítá se...
Organization Of Early Intervention Services
| Hlavní autor: | |
|---|---|
| Médium: | Printed Book |
| Vydáno: |
India
NIMH
2008
|
| LEADER | 00361nam a22001217a 4500 | ||
|---|---|---|---|
| 020 | |a 81-89001-88-4 | ||
| 100 | |a Dr.Martha David |9 41736 | ||
| 245 | |a Organization Of Early Intervention Services | ||
| 260 | |a India |b NIMH |c 2008 | ||
| 300 | |a 192p. | ||
| 942 | |c BK | ||
| 999 | |c 92156 |d 92156 | ||
| 952 | |0 0 |1 0 |4 0 |7 0 |9 84729 |a SBES |b SBES |d 2016-09-28 |l 0 |p SBES02936 |r 2016-09-28 |w 2016-09-28 |y BK | ||